000 00462nam a2200169Ia 4500
003 GCL
008 140319s9999 xx 000 0 ara d
040 _aGCL /
_cGCL
082 0 4 _a150.192
_bس و
100 1 _aسعد جلال
245 1 0 _aدراسات فى علم النفس /
_cسعد جلال
260 _a[S.N] :
_bمكتبة المعارف الحديثة ،
_c1989
300 _a104 ص
490 _a
650 0 4 _aعلم النفس
942 _2ddc
_cBK
999 _c34136
_d34136